Digital communications : (Record no. 3720)

MARC details
000 -LEADER
fixed length control field 00649nam a22002052 4500
001 - CONTROL NUMBER
control field 0000013581
005 - DATE AND TIME OF LATEST TRANSACTION
control field 20151217145902.0
008 - FIXED-LENGTH DATA ELEMENTS--GENERAL INFORMATION
fixed length control field 090928s xx 000 0 eng d
020 ## - INTERNATIONAL STANDARD BOOK NUMBER
International Standard Book Number 0130847887 :
040 ## - CATALOGING SOURCE
Original cataloging agency KABU
Transcribing agency KABU
100 1# - MAIN ENTRY--PERSONAL NAME
Personal name Sklar, Bernard.
-- 0000170179
245 10 - TITLE STATEMENT
Title Digital communications :
Remainder of title fundamentals and applications /
Statement of responsibility, etc. Bernard Sklar.
250 ## - EDITION STATEMENT
Edition statement 2nd ed.
260 ## - PUBLICATION, DISTRIBUTION, ETC. (IMPRINT)
Place of publication, distribution, etc. Upper Saddle River, NJ. :
Name of publisher, distributor, etc. Prentice Hall,
Date of publication, distribution, etc. 2001.
300 ## - PHYSICAL DESCRIPTION
Extent xxiv, 1079 p. +
Accompanying material 1 CD- ROM.
650 #0 - SUBJECT ADDED ENTRY--TOPICAL TERM
Topical term or geographic name as entry element Digital communications.
-- 0000157685
852 1# - LOCATION
-- p5365 KES
908 ## - PUT COMMAND PARAMETER (RLIN)
Put command parameter 090928
950 ## - LOCAL HOLDINGS (RLIN)
-- 1
Holdings
Withdrawn status Lost status Source of classification or shelving scheme Not for loan Home library Current library Date acquired Total Checkouts Full call number Barcode Date last seen Price effective from Koha item type
    Library of Congress Classification   Kabarak, Main Campus Kabarak, Main Campus 17/12/2015   TK5103.7 .S55 2001 c. 1 18196 17/12/2015 17/12/2015 General Collection
Designed with assistance from East African Informatics Ltd